Badly Drawn US States - Statistics

General Stats
  • This quiz has been taken 1,596 times
  • The average score is 7 of 8
Answers on the Map
Answers color-coded by a green-red scale on the quiz's map according to % correct below.
 
Answer Stats
State % Correct
Hawaii
99%
Alaska
98%
Florida
98%
Idaho
96%
New York
95%
Louisiana
92%
Maine
86%
Michigan
80%
No matching quizzes found
Score Distribution
Percent of People with Each Score
Percentile by Number Answered
Your Score History
You have not taken this quiz